| 000 | 01577cam a2200397 i 4500 | ||
|---|---|---|---|
| 001 | 22520846 | ||
| 005 | 20240305165705.0 | ||
| 006 | m o d | ||
| 007 | cr un ---uuuua | ||
| 008 | 211109s2021 ck ob 000 0 spa d | ||
| 010 | _a 2021439696 | ||
| 020 |
_a9789587914412 _q(paperback) |
||
| 020 | _z8782787914412 | ||
| 035 | _a42165 | ||
| 040 |
_aUtOrBLW _beng _erda _cUtOrBLW |
||
| 042 | _apcc | ||
| 043 | _as-ck--- | ||
| 050 | 0 | 0 |
_aKHH891 _b.N54 2021 |
| 082 | 0 | 4 |
_a344.86101891 _223 |
| 100 | 1 |
_aNieto Ríos, Wilson Alberto, _eauthor. |
|
| 245 | 1 | 0 |
_aCriterios jurídicos para determinar la existencia de responsabilidad solidaria por obligaciones laborales de las figuras de contratista independiente, empresas de servicios temporales y cooperativas de trabajo asociado / _cWilson Alberto Nieto Ríos, Ángelo Buitrago Giraldo. |
| 264 | 1 |
_aBogotá : _bGrupo Editorial Ibáñez, _c[2021] |
|
| 300 | _a1 online resource (97 pages) | ||
| 336 |
_atext _btxt _2rdacontent |
||
| 337 |
_acomputer _bc _2rdamedia |
||
| 338 |
_aonline resource _bcr _2rdacarrier |
||
| 504 | _aIncludes bibliographical references (page 93). | ||
| 650 | 0 |
_aLabor contract _zColombia. |
|
| 650 | 0 |
_aCorreality and solidarity _zColombia. |
|
| 650 | 0 |
_aIndependent contractors _xLegal status, laws, etc. _zColombia. |
|
| 650 | 0 |
_aTemporary help services _xLaw and legislation _zColombia. |
|
| 650 | 0 |
_aProducer cooperatives _xLaw and legislation _zColombia. |
|
| 700 | 1 |
_aBuitrago Giraldo, Ángelo, _eauthor. |
|
| 856 | 4 | 0 | _uhttps://app.vlex.com/#/sources/42165 |
| 942 | _cRAA | ||
| 999 |
_c173650 _d173650 |
||